Kámoši s florbalkou. Rozhodující turnaj /

Uloženo v:
Série:Kámoši z florbalkou, část 2
Hlavní autor: Boučková, Martina, 1975- (Autor)
Další autoři: Fibrich, Lukáš, 1974- (Autor)
Médium: Kniha
Jazyk:Czech
Vydáno: Praha : Bambook, 2026
Vydání:První vydání
Témata:
Celkem bylo vypůjčeno:0x
Příbuzné jednotky:Z cyklu:: Kámoši z florbalkou
Tagy:
Žádné tagy
LEADER 01614nam a2200433 i 4500
001 106697
003 CZ PrNK
005 20260701113202.0
007 ta
008 260622s2026 xr a b 000 j cze
015 |a cnb003765486 
020 |a 9788024775722  |q (vázáno) :  |c Kč 299,00 
040 |a ABG001  |b cze  |e rda 
072 7 |a 821.162.3-3  |x Česká próza  |2 Konspekt  |9 25 
072 7 |a 821-93  |x Literatura pro děti a mládež (beletrie)  |2 Konspekt  |9 26 
080 |a 821.162.3-32  |2 MRF 
080 |a 821-93  |2 MRF 
080 |a (0:82-32)  |2 MRF 
100 1 |a Boučková, Martina,  |d 1975-  |7 jo2014823149  |4 aut  |9 114059 
245 1 0 |a Kámoši s florbalkou.  |p Rozhodující turnaj /  |c Martina Boučková ; ilustrace Lukáš Fibrich 
246 3 0 |a Rozhodující turnaj 
250 |a První vydání 
264 1 |a Praha :  |b Bambook,  |c 2026 
300 |a 143 stran :  |b ilustrace ;  |c 21 cm 
336 |a text  |b txt  |2 rdacontent 
337 |a bez média  |b n  |2 rdamedia 
338 |a svazek  |b nc  |2 rdacarrier 
521 8 |a Pro děti od 8 let 
655 7 |a české příběhy  |7 fd133973  |2 czenas  |9 54030 
655 7 |a publikace pro děti  |7 fd133156  |2 czenas  |9 23 
655 9 |a Czech stories  |2 eczenas 
655 9 |a children's literature  |2 eczenas 
700 1 |a Fibrich, Lukáš,  |d 1974-  |7 jx20051103018  |4 ill  |9 12940 
710 2 |a Bambook (nakladatelství)  |7 ko20251277654  |4 pbl  |9 117206 
787 0 8 |i Z cyklu:  |t Kámoši z florbalkou  |g 2 
910 |a UOG502 
942 |2 ddc  |c KN 
999 |d 106697 
993 |0 0  |1 421180107424  |2 ddc  |4 0  |6 M  |7 0  |9 100202  |b 0  |c 107424  |d 2026-07-01  |e 0  |f DOSP  |g M  |h 299.00  |i Koupě  |l M  |r 2026-07-02  |t 8  |w 2026-07-01  |y KN  |z BELET  |n